Rappeurs Français #1 - Statistiques

Statistiques générales
  • Ce quiz a été pris 1 549 fois
  • Le résultat moyen est 9 sur 16
Statistiques - réponses
Par images Réponse % Correct
SCH
100%
PNL
95%
Gambi
92%
PLK
91%
Hamza
89%
Lorenzo
89%
Tiakola
82%
Alonzo
77%
Heuss l'Enfoiré
68%
Alkpote
48%
TK
31%
Elams
16%
Gambino
16%
Solda
9%
Thabiti
4%
Gueule d'Ange
2%
Aucun quiz correspondant
Distribution des résultats
% des personnes avec chaque résultat
Percentile par nombre de réponses
Votre historique - résultats
Vous n’avez pas pris ce quiz